| 000 | 00969nam a2200325 4500 | ||
|---|---|---|---|
| 001 | 22803 | ||
| 003 | SK-KTurca | ||
| 005 | 20260428084227.0 | ||
| 008 | 230324s2023 xo g 000 f slo d | ||
| 020 |
_a9788055187709 _q(viazané) |
||
| 035 | _aa000723126 | ||
| 040 |
_aSAVUK _bslo _cSAVUK _dUKB _erda |
||
| 041 | 0 | _aslo | |
| 044 |
_axo _cSK |
||
| 072 | 7 |
_a821.162.4-3 _xSlovenská próza _2konspekt |
|
| 080 |
_a821.162.4-31 _22011 |
||
| 080 |
_a(0:82-31)-055.2 _22011 |
||
| 100 | 1 |
_aKeleová-Vasilková, Táňa, _d1964- _4aut |
|
| 245 | 1 | 0 |
_aOlívia a on _cTáňa Keleová-Vasilková |
| 250 | _aPrvé vydanie | ||
| 264 | 1 |
_aBratislava _bIkar _c2023 |
|
| 300 |
_a202 strán _c21 cm |
||
| 336 |
_atext _btxt _2rdacontent |
||
| 337 |
_abez média _bn _2rdamedia |
||
| 338 |
_azväzok _bnc _2rdacarrier |
||
| 655 | 7 |
_aslovenské romány _2UKBPH |
|
| 655 | 7 |
_aromány pre ženy _2UKBPH |
|
| 942 |
_2ddc _cKLDO _n0 |
||
| 980 | _aIkar, a.s., Miletičova, 821 09 Bratislava | ||
| 999 |
_c22803 _d22803 |
||